Statistiques concernant Le titre est dans les paroles #1 (Rap FR)

Cliquez ici pour prendre le quiz!

Statistiques générales

  • Ce quiz a été pris 350 fois
  • Le résultat moyen est 5 sur 15

Statistiques - réponses

ParolesTitres% Correct
Un peu de biff, un peu de buzz, __ ___ __ _____
Quand tout est noir, venir parler c'est plus la peine
Un peu de haine
82%
J'attends que tu répondes à mes ________ jusqu'à très tard
J'attends que tu répondes à mes ________ jusqu'à très tard
Message
67%
___ __ ____, jeu de voix, suis moi
Je te veux pas, fuis-moi, je te veux toi
Feu de bois
62%
Moi j'l'appelle _____, mais son blase c'est _____
J'voulais m'la ken depuis le collège mais j'étais trop un cancre
Amber
59%
Et j'te donnerai c'que tu veux d'moi
Jusqu'à c'que je ___
Die
56%
J'la trouve belle sans maquillage,
Dans l'ciel j'veux toucher les ______
Nuages
52%
Y'a des armes de poing et des fusils d'assaut,
Oh, ah, ça pose des bangers vers _____
Meuda
33%
J'ai les porcs dans le rétro', 3-4 sorties d'pot
J'suis dans le ______ ________
Bolide allemand
30%
Elle m'dit, "ok mon _________, j'te suis partout je monte à bord
J'espère que tu me diras je t'aime en Clio ou en Aventador"
Capitaine
29%
Si je t'aime je suis ______
Quand j'aime je suis ______
Jaloux
25%
Y'a des soirs où j'rentre pas, pas.
______ _____, silencieux quand j'rentre le soir, soir
Pardon Maman
16%
_'________ que j'te dise que j'_'_______ toute ma vieT'aimerais
16%
______ _________ traîne dans la cité,
Un ______ _________ la vie ne t'a pas aidé
Enfant compliqué
10%
J'lui mets remis de deux heures, elle me fait l'hystérique.
EP disque d'or c'est historique.
J'monte, j'monte on dirait le ____________
Téléphérique
6%
___ __ ______ c'est juste ___ __ ______ Y'a rien de retrouver
Et quand je retrouve elles ne valent même pas toi
Une de perdue
3%

Distribution des résultats

Percentile par nombre de réponses

% des personnes avec chaque résultat

Votre développement - résultats

Vous n’avez pas pris ce quiz